| 000 | 00544nam a22001817a 4500 | ||
|---|---|---|---|
| 005 | 20160719105856.0 | ||
| 010 | _aENG-109963 | ||
| 020 |
_a9789351431459 _c150.00 |
||
| 035 | _aEN-93496 | ||
| 037 | _bDBAD/PUB | ||
| 082 | _a346.5402 | ||
| 100 | _aRosedar, S.R.A. | ||
| 245 |
_aLaw of contract-II / _cby S.R.A. Rosedar |
||
| 260 |
_aGurgaon _bLexis Nexis _c2014 |
||
| 270 |
_a14th Floor, Bldg No.10, Tower-B, DLF Cyber City, Phase-II _bGurgaon _e122002 |
||
| 300 |
_aviii,117p. _c22cm(pbk) |
||
| 942 |
_2ddc _cEN _mROS _h346.5402 |
||
| 999 |
_c84394 _d84394 |
||